ՀՀ Գիտությունների ազգային ակադեմիայի հիմնարար գիտական գրադարան  =   Fundamental Scientific Library of NAS RA

Описание рукописей научной библиотеки им. Н.И. Лобачевского / (Record no. 514163)

MARC details
000 -LEADER
fixed length control field 01973nam a2200241 a 4500
001 - CONTROL NUMBER
control field 000972999
003 - CONTROL NUMBER IDENTIFIER
control field AM-YEHGA
005 - DATE AND TIME OF LATEST TRANSACTION
control field 20250617163850.0
008 - FIXED-LENGTH DATA ELEMENTS--GENERAL INFORMATION
fixed length control field 130704s1958 ru r 000 0 rus d
040 ## - CATALOGING SOURCE
Original cataloging agency AM-YeHGA
041 0# - LANGUAGE CODE
Language code of text/sound track or separate title rus
090 ## - LOCALLY ASSIGNED LC-TYPE CALL NUMBER (OCLC); LOCAL CALL NUMBER (RLIN)
-- 517685
110 2# - MAIN ENTRY--CORPORATE NAME
Corporate name or jurisdiction name as entry element Казанский государственный университет им. В.И. Ульянова-Ленина
245 10 - TITLE STATEMENT
Title Описание рукописей научной библиотеки им. Н.И. Лобачевского /
Statement of responsibility, etc. Научная б-ка им. Н.И. Лобачевского.
260 ## - PUBLICATION, DISTRIBUTION, ETC.
Place of publication, distribution, etc. Казань :
Name of publisher, distributor, etc. Изд-во Казанского ун-та,
Date of publication, distribution, etc. 1958-.
300 ## - PHYSICAL DESCRIPTION
Extent Выпуск ;
Dimensions 22 см.
505 10 - FORMATTED CONTENTS NOTE
Statement of responsibility В.В. Аристов
Miscellaneous information Вып. XIV (1969, 76 с.) :
Title Географические рукописи карты и планы
Miscellaneous information Вып. XV (1968, 102 с.) :
Title Материалы по истории Казанского университета первой половины XIX в.
505 10 - FORMATTED CONTENTS NOTE
Miscellaneous information Вып. I (1958, 35 с.) :
Title Фольклор
Miscellaneous information Вып. II (1958, 35 с.) :
Title Лингвистика
Miscellaneous information Вып. IV (1959, 43 с.) :
Title Археология, этнография и нумизматика
Miscellaneous information Вып. VII (1961, 47 с.) :
Title Материалы цензурного комитета при Казанском университете 1812-1827 гг. /
Statement of responsibility В.В. Аристов
Miscellaneous information Вып. VIII (1961, 79 с.) :
Title Всеобщая история /
Statement of responsibility Е.М. Гордеев
Miscellaneous information Вып. XIV (1969, 76 с.) :
Title Географические рукописи карты и планы
Miscellaneous information Вып. XV (1968, 102 с.) :
Title Материалы по истории Казанского университета первой половины XIX в.
650 14 - SUBJECT ADDED ENTRY--TOPICAL TERM
Topical term or geographic name entry element Отраслевая и тематическая библиография
700 1# - ADDED ENTRY--PERSONAL NAME
Personal name Аристов, В.В.
710 2# - ADDED ENTRY--CORPORATE NAME
Corporate name or jurisdiction name as entry element Научная библиотека им. Н.И. Лобачевского
942 ## - ADDED ENTRY ELEMENTS (KOHA)
Source of classification or shelving scheme Universal Decimal Classification
Koha item type Գրքեր / Books
Holdings
Withdrawn status Lost status Source of classification or shelving scheme Damaged status Not for loan Collection Home library Current library Date acquired Serial enumeration / chronology Total checkouts Full call number Barcode Date last seen Price effective from Koha item type Public note
    Universal Decimal Classification     General Fundamental Scientific Library Fundamental Scientific Library 31/08/2021 Вып. VIII   PII/60026 FL0659348 31/08/2021 31/08/2021 Գրքեր / Books 30 Days Loan
    Universal Decimal Classification     General Fundamental Scientific Library Fundamental Scientific Library 25/10/2021 Вып. VII   PII/64550 FL0662157 25/10/2021 25/10/2021 Գրքեր / Books 30 Days Loan


ՀՀ ԳԱԱ հիմնարար գիտական գրադարան
ՀՀ,Երևան 0019
Մարշալ Բաղրամյան 24/6
հեռախոս:(374-10) 52-47-50
Հետադարձ կապ

All site content, except where otherwise noted, is licensed under a
Creative Commons License